| 000 | 00990nam a22002537a 4500 | ||
|---|---|---|---|
| 999 |
_c8118 _d8118 |
||
| 003 | AR-CdUCM | ||
| 008 | 190322b ||||| |||| 00| 0 spa d | ||
| 040 |
_aMUNICIPALIDAD PROVINCIAL DEL CUSCO _cBIBLIOTECA MUNICIPAL DEL CUSCO |
||
| 041 | _heng | ||
| 082 |
_a330 / _bM12 |
||
| 100 |
_aMcGaughy, Howard E. _922918 |
||
| 245 |
_aPunto de equilibrio : _bpérdidas y ganancias / |
||
| 260 |
_aMéxico, D.F : _bUTEHA, _c1960. |
||
| 300 |
_a76 páginas ; _bgráficos, _c17 cm. |
||
| 440 |
_aManuales Uteha _n11 _922919 |
||
| 440 |
_aSelección Ciencias sociales. _n15 _922920 |
||
| 505 | _aContenido: Descriptores de factores presentes que afectan al ingreso neto -- Descripción de los cambios propuestos por la administración -- Sumario de los datos pertinentes -- Costo diferencial. | ||
| 650 |
_aEstados financieros _99997 |
||
| 650 |
_aContabilidad _910543 |
||
| 650 |
_aIngreso egresos _922921 |
||
| 700 |
_aVelez, Jesus A. (traducción) _922922 |
||
| 942 |
_2ddc _cLIBROS |
||
| 945 | _aachl | ||